| 000 | 00408pam a2200157a 44500 | ||
|---|---|---|---|
| 008 | 230515b1992 xxu||||| |||| 00| 0 eng d | ||
| 020 | _aNULL | ||
| 041 | _aENG | ||
| 082 | _a618 | ||
| 100 | _aPadubidri V.G. | ||
| 245 | _aPractical Handbook of Gynaecology Obstetrics and Family Planning | ||
| 250 | _a0 | ||
| 260 |
_aNULL _bB. I. PUBLICATIONS _c1992 |
||
| 300 | _a150 | ||
| 650 | _aObstetrics & Gynecology | ||
| 999 |
_c546135 _d546135 |
||